000
00320nam a2200133Ia 4500
082
_a
331.25 MIT
100
_a
Mitchell, John K.
_9
2322
245
_a
Pension Schemes
260
_a
London:
_b
Stone & Cox
_c
1968
300
_a
107p. ;21cm
500
_a
includes Index
650
_a
Pensionslabor economics
_9
2323
942
_c
BK
999
_c
5826
_d
5826